Deutsches Bundeskabinett - Statistiken

Allgemein
  • Dieses Quiz wurde 240 mal gespielt
    51 seit der letzten Aktualisierung
  • Das Durchschnittsergebnis liegt bei 19 aus 34
Antwortstatistiken
Ministerium Minister Partei % Korrekt
Bundesministerium der Finanzen Lars Klingbeil SPD
84%
Auswärtiges Amt
77%
Bundesministerium des Innern
77%
Bundesministerium für Forschung, Technologie und Raumfahrt Dorothee Bär CSU
77%
Bundesministerium der Finanzen
74%
Bundesministerium des Innern Alexander Dobrindt CSU
71%
Bundesministerium der Verteidigung Boris Pistorius SPD
71%
Bundesministerium für Bildung, Familie, Senioren, Frauen und Jugend
68%
Bundesministerium für Wirtschaft und Energie
68%
Auswärtiges Amt Johann Wadephul CDU
68%
Bundesministerium für Arbeit und Soziales Bärbel Bas SPD
65%
Bundesministerium der Verteidigung
65%
Bundesministerium für Gesundheit
61%
Bundesministerium für Wirtschaft und Energie Katherina Reiche CDU
61%
Bundesministerium für Arbeit und Soziales
58%
Bundesministerium für Digitales und Staatsmodernisierung
58%
Bundesministerium für Landwirtschaft, Ernährung und Heimat
58%
Bundesministerium für Verkehr
58%
Bundesministerium für besondere Aufgaben (Chef des Bundeskanzleramts)
55%
Bundesministerium für Umwelt, Klimaschutz, Naturschutz und nukleare Sicherheit
55%
Bundesministerium für Umwelt, Klimaschutz, Naturschutz und nukleare Sicherheit Carsten Schneider SPD
55%
Bundesministerium für besondere Aufgaben (Chef des Bundeskanzleramts) Thorsten Frei CDU
55%
Bundesministerium für Forschung, Technologie und Raumfahrt
52%
Bundesministerium für Verkehr Patrick Schneider CDU
52%
Bundesministerium für Landwirtschaft, Ernährung und Heimat Alois Rainer CSU
45%
Bundesministerium der Justiz und für Verbraucherschutz
45%
Bundesministerium für Wohnen, Stadtentwicklung und Bauwesen
39%
Bundesministerium für Bildung, Familie, Senioren, Frauen und Jugend Karin Prien CDU
35%
Bundesministerium für Gesundheit Nina Warken CDU
35%
Bundesministerium für wirtschaftliche Zusammenarbeit und Entwicklung
32%
Bundesministerium für Wohnen, Stadtentwicklung und Bauwesen Verena Hubertz SPD
32%
Bundesministerium der Justiz und für Verbraucherschutz Stefanie Hubig SPD
26%
Bundesministerium für wirtschaftliche Zusammenarbeit und Entwicklung Reem Alabali-Radovan SPD
19%
Bundesministerium für Digitales und Staatsmodernisierung Karsten Wildberger Parteilos
16%
Keine übereinstimmenden Quizze gefunden
Verteilung der Resultate
Anzahl Personen mit jedem Resultat
Perzentil nach korrekt beantworteten Fragen
Ihre Resultats-Entwicklung
Sie haben dieses Quiz seit der letzten Aktualisierung nicht gespielt